[Event "Leipzig VfB op 24th"]
[Site "Leipzig"]
[Date "2017.03.22"]
[Round "3"]
[White "Urban, Konstantin"]
[Black "Hentzgen, Thomas"]
[Result "1-0"]
[WhiteElo "2368"]
[BlackElo "2012"]
[PlyCount "59"]
[EventDate "2017.03.21"]
[EventType "swiss"]
[EventRounds "9"]
[EventCountry "GER"]
[SourceTitle "EXT 2018"]
[Source "ChessBase"]
[SourceDate "2017.10.13"]
[SourceVersion "1"]
[SourceVersionDate "2017.10.13"]
[SourceQuality "1"]

1. e4 c5 2. Nf3 Nc6 3. d4 cxd4 4. Nxd4 Nf6 5. Nc3 e5 6. Ndb5 d6 7. Bg5 a6 8. Na3 b5 9. Bxf6 gxf6 10. Nd5 Bg7 11. c3 f5 12. exf5 Bxf5 13. Nc2 0-0 14. Nce3 Be6 15. Bd3 f5 16. Qh5 Qd7 17. g4 e4 18. Bc2 Bxd5 19. Nxd5 Rae8 20. 0-0-0 fxg4 21. Rhg1 Re5 22. Qxg4 Qxg4 23. Rxg4 Kh8 24. Ne3 Rh5 25. Rxd6 Ne5 26. Rg2 Nf3 27. Bxe4 Rxh2 28. Bxf3 Rh1+ 29. Rd1 Rxd1+ 30. Bxd1 1-0

[Event "Wch U16"]
[Site "Khanty-Mansiysk"]
[Date "2016.10.03"]
[Round "11"]
[White "Urban, Konstantin"]
[Black "Gazik, Viktor"]
[Result "1/2-1/2"]
[WhiteElo "2361"]
[BlackElo "2429"]
[PlyCount "76"]
[EventDate "2016.09.22"]
[EventType "swiss"]
[EventRounds "11"]
[EventCountry "RUS"]
[SourceTitle "EXT 2017"]
[Source "ChessBase"]
[SourceDate "2016.10.25"]
[SourceVersion "1"]
[SourceVersionDate "2016.10.25"]
[SourceQuality "1"]

1. e4 Nf6 2. e5 Nd5 3. d4 Nb6 4. c4 d6 5. exd6 exd6 6. Nc3 Nc6 7. Be3 Be7 8. Bd3 0-0 9. b3 Re8 10. Nge2 Bf6 11. 0-0 Bg4 12. h3 Bh5 13. Qd2 Bg6 14. Rfe1 Qd7 15. Bxg6 hxg6 16. Nf4 Ne7 17. a4 a5 18. Rad1 Nf5 19. Nfd5 Nxd5 20. Nxd5 Re4 21. f3 Rxe3 22. Nxf6+ gxf6 23. Rxe3 Nxe3 24. Qxe3 Re8 25. Qd2 b6 26. Re1 Rxe1+ 27. Qxe1 d5 28. Qc3 dxc4 29. Qxc4 f5 30. d5 Qd6 31. Kf2 Qe5 32. f4 Qe7 33. Kf3 Kf8 34. Qd4 f6 35. g4 fxg4+ 36. hxg4 Kf7 37. Qc4 Qd6 38. Qe4 Qd7 1/2-1/2

[Event "Wch U16"]
[Site "Khanty-Mansiysk"]
[Date "2016.09.29"]
[Round "7"]
[White "Urban, Konstantin"]
[Black "Donoso Diaz, Sebastian"]
[Result "1-0"]
[WhiteElo "2361"]
[BlackElo "2005"]
[PlyCount "75"]
[EventDate "2016.09.22"]
[EventType "swiss"]
[EventRounds "11"]
[EventCountry "RUS"]
[SourceTitle "EXT 2017"]
[Source "ChessBase"]
[SourceDate "2016.10.25"]
[SourceVersion "1"]
[SourceVersionDate "2016.10.25"]
[SourceQuality "1"]

1. d4 Nf6 2. c4 g6 3. Nc3 Bg7 4. e4 d6 5. Bd3 0-0 6. Nge2 Nc6 7. 0-0 e5 8. d5 Nd4 9. Nxd4 exd4 10. Ne2 Nd7 11. Bc2 Ne5 12. Nxd4 Nxc4 13. Rb1 Bd7 14. b3 Nb6 15. Bb2 a5 16. a4 Re8 17. Qd2 c6 18. dxc6 bxc6 19. Bd3 c5 20. Nb5 Bxb2 21. Qxb2 Be6 22. Rbd1 Rc8 23. Bc2 d5 24. Qc3 d4 25. Qxa5 Nd7 26. Qd2 Ne5 27. h3 d3 28. f4 dxc2 29. Qxc2 Qb6 30. fxe5 Bxb3 31. Qf2 Rxe5 32. Rd6 Qb7 33. Qb2 Qxe4 34. Qxb3 c4 35. Qf3 Qxf3 36. Rxf3 Re4 37. Kf2 Re1 38. Nc3 1-0

[Event "Wch U16"]
[Site "Khanty-Mansiysk"]
[Date "2016.09.25"]
[Round "4"]
[White "Tabatabaei, Mohammad Amin"]
[Black "Urban, Konstantin"]
[Result "1-0"]
[WhiteElo "2493"]
[BlackElo "2361"]
[PlyCount "87"]
[EventDate "2016.09.22"]
[EventType "swiss"]
[EventRounds "11"]
[EventCountry "RUS"]
[SourceTitle "EXT 2017"]
[Source "ChessBase"]
[SourceDate "2016.10.25"]
[SourceVersion "1"]
[SourceVersionDate "2016.10.25"]
[SourceQuality "1"]

1. a3 Nf6 2. Nf3 g6 3. b4 Bg7 4. Bb2 0-0 5. g3 b6 6. Bg2 Bb7 7. 0-0 c5 8. c4 d6 9. d3 Nbd7 10. Nbd2 Qc7 11. e4 e6 12. Re1 d5 13. cxd5 exd5 14. e5 Ng4 15. d4 cxd4 16. Rc1 Qd8 17. Bxd4 Re8 18. e6 fxe6 19. Bxg7 Kxg7 20. Nd4 Nge5 21. Qb3 Rc8 22. Rxc8 Qxc8 23. Bh3 Nc4 24. Nxe6+ Kg8 25. Qc3 Re7 26. Rc1 Nf8 27. Nf4 Qc6 28. Bg2 Qd6 29. Nxc4 dxc4 30. Qxc4+ Kg7 31. Bxb7 Rxb7 32. Qc6 Qxc6 33. Rxc6 Rd7 34. h4 Kf7 35. Kg2 Ke7 36. Kf3 Kf7 37. Ke4 Ke7 38. Nd5+ Kf7 39. Ke5 Rd8 40. Rc7+ Nd7+ 41. Kd6 Ke8 42. Rxa7 Nf6+ 43. Ke6 Nxd5 44. Rxh7 1-0

[Event "Wch U16"]
[Site "Khanty-Mansiysk"]
[Date "2016.09.24"]
[Round "3"]
[White "Urban, Konstantin"]
[Black "Fawzy, Adham"]
[Result "1-0"]
[WhiteElo "2361"]
[BlackElo "2451"]
[PlyCount "81"]
[EventDate "2016.09.22"]
[EventType "swiss"]
[EventRounds "11"]
[EventCountry "RUS"]
[SourceTitle "EXT 2017"]
[Source "ChessBase"]
[SourceDate "2016.10.25"]
[SourceVersion "1"]
[SourceVersionDate "2016.10.25"]
[SourceQuality "1"]

1. e4 c5 2. Nf3 Nc6 3. d4 cxd4 4. Nxd4 e5 5. Nb5 d6 6. N1c3 a6 7. Na3 b5 8. Nd5 Nce7 9. c4 Nxd5 10. exd5 bxc4 11. Nxc4 Nf6 12. Be3 Rb8 13. Be2 Be7 14. a4 0-0 15. 0-0 Bb7 16. Nb6 Nd7 17. a5 f5 18. f3 Nf6 19. Bc4 Qe8 20. Qe2 Bd8 21. Rad1 Qf7 22. Bxa6 Bxb6 23. Bxb6 Bxa6 24. Qxa6 Nxd5 25. Bf2 Rxb2 26. Qxd6 Nc3 27. Rd2 Rb5 28. Qc6 Qb3 29. a6 Ra5 30. Rd7 Kh8 31. Qc7 Ne2+ 32. Kh1 Qc3 33. Rd8 Kg8 34. Rxf8+ Kxf8 35. Qd8+ Kf7 36. Qd7+ Kg6 37. Qe6+ Kg5 38. Be1 Qa1 39. h4+ Kf4 40. Qc4+ e4 41. Qxe2 1-0

[Event "Wch U16"]
[Site "Khanty-Mansiysk"]
[Date "2016.09.22"]
[Round "1"]
[White "Urban, Konstantin"]
[Black "Kristensen, Bjarke Hautop"]
[Result "1-0"]
[WhiteElo "2361"]
[BlackElo "2039"]
[PlyCount "111"]
[EventDate "2016.09.22"]
[EventType "swiss"]
[EventRounds "11"]
[EventCountry "RUS"]
[SourceTitle "EXT 2017"]
[Source "ChessBase"]
[SourceDate "2016.10.25"]
[SourceVersion "1"]
[SourceVersionDate "2016.10.25"]
[SourceQuality "1"]

1. e4 c5 2. Nf3 e6 3. d4 cxd4 4. Nxd4 Nc6 5. Nc3 Qc7 6. Be2 a6 7. f4 Bc5 8. Nxc6 bxc6 9. e5 d5 10. exd6 Bxd6 11. Ne4 Be7 12. Be3 Nf6 13. Nxf6+ Bxf6 14. c3 0-0 15. 0-0 Rb8 16. Bc5 Rd8 17. Qc2 Be7 18. Bxe7 Qxe7 19. Rad1 Bb7 20. Qa4 c5 21. Bc4 g6 22. Qa5 Kg7 23. b4 cxb4 24. cxb4 Rbc8 25. Bb3 Rxd1 26. Rxd1 Qc7 27. Qxc7 Rxc7 28. Rd4 Kf6 29. Kf2 Bd5 30. Bxd5 exd5 31. Ke3 Ke6 32. Kd2 Kd6 33. g3 h5 34. a3 Rb7 35. Rd3 a5 36. Rb3 axb4 37. Rxb4 Ra7 38. a4 Kc5 39. Kc3 Ra5 40. h3 Ra7 41. Rb5+ Kc6 42. Kb4 Re7 43. Rc5+ Kb7 44. Rxd5 Re3 45. Rd7+ Kb8 46. Rxf7 Rxg3 47. h4 Rh3 48. Kc5 Rxh4 49. Kb6 Kc8 50. a5 Rh2 51. Rf8+ Kd7 52. a6 Rb2+ 53. Kc5 Ke7 54. Rh8 Rc2+ 55. Kd4 Rc7 56. a7 1-0

[Event "World ol U16"]
[Site "Poprad"]
[Date "2016.07.23"]
[Round "3.2"]
[White "Gavrilescu, David"]
[Black "Urban, Konstantin"]
[Result "1/2-1/2"]
[WhiteElo "2274"]
[BlackElo "2329"]
[PlyCount "91"]
[EventDate "2016.07.22"]
[EventType "team-swiss"]
[EventRounds "9"]
[EventCountry "SVK"]
[SourceTitle "EXT 2017"]
[Source "ChessBase"]
[SourceDate "2016.10.25"]
[SourceVersion "1"]
[SourceVersionDate "2016.10.25"]
[SourceQuality "1"]
[WhiteTeam "Romania"]
[BlackTeam "Germany"]
[WhiteTeamCountry "ROU"]
[BlackTeamCountry "GER"]

1. e4 c5 2. b3 Nc6 3. Bb2 e5 4. Bc4 d6 5. d3 Nf6 6. Nc3 Be7 7. Nge2 Be6 8. 0-0 d5 9. exd5 Nxd5 10. Bxd5 Bxd5 11. f4 Bf6 12. fxe5 Bxe5 13. Nf4 Bxf4 14. Rxf4 Be6 15. Ne4 Qc7 16. Rf2 Nd4 17. Qh5 b6 18. b4 0-0-0 19. bxc5 Rd5 20. Qd1 bxc5 21. c3 Nf5 22. c4 Ne3 23. Qf3 Rxd3 24. Re1 Bg4 25. Qxf7 Qxf7 26. Rxf7 Re8 27. Nf2 Rdd8 28. Bxg7 Bh5 29. Rxa7 Nxc4 30. Rc1 Be2 31. h4 Kb8 32. Rf7 Nd6 33. Rb1+ Ka8 34. Rc7 Rc8 35. Rd7 Red8 36. Rxd8 Rxd8 37. Re1 Bb5 38. h5 Nf5 39. Bf6 Rd5 40. Ne4 Nd4 41. h6 Ne2+ 42. Kf2 Rf5+ 43. Ke3 Ng3 44. Nxg3 Rxf6 45. Rh1 Bc6 46. Rh5 1/2-1/2

[Event "Lueneburg IM"]
[Site "Lueneburg"]
[Date "2016.07.08"]
[Round "9"]
[White "Riess, Alexander"]
[Black "Urban, Konstantin"]
[Result "1/2-1/2"]
[WhiteElo "2208"]
[BlackElo "2329"]
[PlyCount "31"]
[EventDate "2016.06.30"]
[EventType "tourn"]
[EventRounds "9"]
[EventCountry "GER"]
[EventCategory "3"]
[SourceTitle "CBM 173 Extra"]
[Source "ChessBase"]
[SourceDate "2016.08.29"]
[SourceVersion "1"]
[SourceVersionDate "2016.08.29"]
[SourceQuality "1"]

1. d4 Nf6 2. c4 c5 3. d5 b5 4. cxb5 a6 5. bxa6 g6 6. Nc3 Bxa6 7. Nf3 d6 8. e4 Bxf1 9. Kxf1 Bg7 10. g3 0-0 11. Kg2 Nbd7 12. a4 Ra6 13. Qc2 Qa8 14. Bg5 h6 15. Bd2 c4 16. Rhe1 1/2-1/2